|
|
|
|
| LEADER |
00000nbm0a2200000 4500 |
| 001 |
189584 |
| 005 |
20231101224221.0 |
| 035 |
|
|
|a (RuTPU)RU\TPU\book\206238
|
| 090 |
|
|
|a 189584
|
| 100 |
|
|
|a 20101227d1964 k y0rusy50 ca
|
| 101 |
0 |
|
|a rus
|
| 102 |
|
|
|a RU
|
| 105 |
|
|
|a a p 001zy
|
| 200 |
1 |
|
|a Физико-химические методы определения нитрат иона в присуствии нитрит иона
|e научно-технический отчет
|f Томский политехнический институт (ТПИ) ; руководитель Е. С. Новикова ; Г. М. Якунина
|
| 210 |
|
|
|a Томск
|d 1964
|
| 215 |
|
|
|a 13 л.
|
| 320 |
|
|
|a Библиогр.: с. 13.
|
| 606 |
1 |
|
|a Нитраты
|x Химия
|2 stltpush
|3 (RuTPU)RU\TPU\subj\75021
|9 86921
|
| 610 |
1 |
|
|a научно-технические отчеты
|
| 610 |
1 |
|
|a физико-химические методы
|
| 610 |
1 |
|
|a нитрат иона
|
| 610 |
1 |
|
|a нитрит иона
|
| 610 |
1 |
|
|a определение
|
| 610 |
1 |
|
|a титан
|
| 675 |
|
|
|a 546.14(04)
|v 3
|
| 702 |
|
1 |
|a Новикова
|b Е. С.
|4 673
|
| 702 |
|
1 |
|a Якунина
|b Г. М.
|4 677
|
| 712 |
0 |
2 |
|a Томский политехнический институт (ТПИ)
|c (1944-1991)
|2 stltpush
|3 (RuTPU)RU\TPU\col\1123
|4 595
|
| 801 |
|
1 |
|a RU
|b 63413507
|c 20101227
|
| 801 |
|
2 |
|a RU
|b 63413507
|c 20160205
|g RCR
|
| 942 |
|
|
|c BK
|